| 000 | 00577nmm a2200193Ia 4500 | ||
|---|---|---|---|
| 008 | 251105s9999||||xx |||||||||||||||||und|| | ||
| 020 | _a9788446014706 | ||
| 041 | _aspa | ||
| 100 | _aHarre, Rom | ||
| 245 | 0 | _aEl movimiento antimetafísico del siglo XX | |
| 264 |
_a[Madrid, España] : _bAkal, _c2014 |
||
| 300 | _a96 páginas | ||
| 490 | _aHistoria del pensamiento y la cultura | ||
| 650 | _aPhilosophy, Ethics | ||
| 700 | _aHarre, Rom | ||
| 700 | 1 | _a Sagüillo Fernández-Vega, José Miguel | |
| 856 | _uhttps://public.digitaliapublishing.com/a/37692 | ||
| 942 | _cCF | ||
| 999 |
_c66731 _d66731 |
||